00888nam a22002537a 4500003000500000005001700005008004100022010001000063011001000073020001500083035001100098040000900109082001600118100003000134245012700164260005000291300002000341490006100361650003900422650003500461650003800496700003900534830006100573CHAP20220329143110.0060320d2004 mx r 00110 spa d a91897 a92869 a9707032901 a103436 cCHAP04a634.98bG651 aGómez Peralta, Marlene.10aRecursos forestales no maderables aprovechados en Moreliac/por Marlene Gómez Peralta y María del Pilar Angón Torres aMorelia, Mich. :bGobierno del Estado,c2004. a110 p. :bilus. 0aFuentes para el conocimiento natural de Michoacánv; 714aProductos forestalesxMichoacán.14aRecursos forestalesxMercadeo.14aRecursos forestalesxMichoacán.0 aAngón Torres, María del Pilar. 0aFuentes para el conocimiento natural de Michoacánv; 7